Statistics for Cartoon Catchphrases Quiz

Click here to take the quiz!

General Stats

  • This quiz has been taken 54,447 times
    (54,407 since last reset)
  • The average score is 13 of 22

Answer Stats

Catchphrase Character % Correct
What's up, doc?Bugs Bunny
95%
Yabba dabba doo!Fred Flintstone
89%
I tawt I taw a puddy tat! Tweety Bird
82%
D'oh!Homer Simpson
82%
I'm smarter than the average bearYogi Bear
80%
They're gr-r-r-r-eat!Tony the Tiger
77%
Only YOU can prevent forest firesSmokey Bear
70%
Th-th-that's all folksPorky Pig
70%
Be vewy vewy quiet, I'm
hunting wabbits
Elmer Fudd
68%
Pika! Pika!Pikachu
68%
You're desthpicable Daffy Duck
61%
Sufferin' succotash!Sylvester
60%
Zoinks!Shaggy
58%
GiggityGlenn Quagmire
57%
Andale! Andale! Arriba! Arriba!Speedy Gonzales
55%
By the power of Grayskull!He-Man
51%
Hey hey hey!Fat Albert
49%
Good grief!Charlie Brown
47%
Here I come to save the day!Mighty Mouse
32%
I'm strong to the finish,
'cause I eats me Spinach
Popeye the Sailor
30%
Take a bite out of crimeMcGruff the Crime Dog
30%
You eediot! Ren Höek
21%

Score Distribution

Percentile by Number Answered

Percent of People with Each Score

Your Score History

You have not taken this quiz since the last reset